00579nam a22002057a 450000500170000001000130001702000100003003500130004003700160005304000120006908200130008124500880009426000700018227000350025230000230028750000060031065000200031665000140033670000230035020170124105950.0 aA-465549 c00.00 aA-465549 bCen Lib/Ret aDPLbEN a291bPAT aReligious pluralism :cedited by Kuncheria Pathil bindian christian perspectives / aDelhibThe Indian Society of Promoting Christian Knowledge c1991 bDelhiaKashimiri Gate e110006 ax, 349p.c20cm(Hb) a  aChristianityy  aReligion  aPathil, Kuncheria